Ekonomické vzdelávanie v podmienkach Východného Slovenska
Poslanie vysokých škôl na Slovensku. Poskytovatelia univerzitného vzdelávania na Slovensku. Nepriaznivý trend poklesu počtu študentov na vysokých školách. Prognóza tokov a počtu žiakov gymnázií do roku 2025. Rebríček škôl podľa prijímaných uchádzačov.
Salvato in:
| Autore principale: | |
|---|---|
| Altri autori: | |
| Natura: | Capitolo di libro |
| Lingua: | slovacco |
| Soggetti: | |
| Tags: |
Nessun Tag, puoi essere il primo ad aggiungerne!!
|
MARC
| LEADER | 00000naa$a2200000$$$4500 | ||
|---|---|---|---|
| 001 | 0261474 | ||
| 005 | 20240502074146.7 | ||
| 041 | 0 | |a slo | |
| 044 | |a SK | ||
| 245 | 1 | 0 | |a Ekonomické vzdelávanie v podmienkach Východného Slovenska |c Pavol Andrejovský, Michaela Bruothová |
| 520 | |a Poslanie vysokých škôl na Slovensku. Poskytovatelia univerzitného vzdelávania na Slovensku. Nepriaznivý trend poklesu počtu študentov na vysokých školách. Prognóza tokov a počtu žiakov gymnázií do roku 2025. Rebríček škôl podľa prijímaných uchádzačov. | ||
| 610 | 2 | 0 | |a vzdelávanie vysokoškolské |
| 610 | 2 | 0 | |a školy vysoké |
| 610 | 2 | 0 | |a univerzity |
| 610 | 2 | 0 | |a študenti |
| 610 | 2 | 0 | |a Slovensko |
| 100 | 1 | |a Andrejovský, Pavol, 1975- | |
| 700 | 1 | |a Bruothová, Michaela, 1979- | |